THE VISIBLE HAND: (Record no. 2225)

000 -LEADER
fixed length control field 00300nam a22000977a 4500
008 - FIXED-LENGTH DATA ELEMENTS--GENERAL INFORMATION
fixed length control field 150904b xxu||||| |||| 00| 0 eng d
082 ## -
Classification number 338. 9 STR
100 ## - MAIN ENTRY--PERSONAL NAME
Personal name SIRKIN GERALD.
245 ## - TITLE STATEMENT
Title THE VISIBLE HAND:
Remainder of title THE FUNDAMENTALS OF ECONOMIC PLANNING
260 ## - PUBLICATION, DISTRIBUTION, ETC. (IMPRINT)
Place of publication, distribution, etc. NEW YORK:
Name of publisher, distributor, etc. McGRALD-HILL BOOK COMPANY,
Date of publication, distribution, etc. 1968.

No items available.

IRDP © 2019 :: Managed by IRDP ICT Unit